000 00272nam a2200121 i 4500
001 bg
245 0 _aScience and Technology of Surface Coating.
260 _aLondon,
_c1974.
040 _cBPK
041 _apol
942 _cKS
008 s pl f |000 0 pol
999 _c16708
_d16708
856 _uhttp://koha.tu.koszalin.pl/cgi-bin/koha/opac-detail.pl?biblionumber=16708
_yKatalog online BPK